| 000 | 00659cab a2200205 4500 | ||
|---|---|---|---|
| 001 | ABS54243 | ||
| 008 | 090401t1996 xxu||||| |||| 00| 0 eng d | ||
| 035 | _a(Sirsi) u9241 | ||
| 041 | _aeng | ||
| 100 | _aKnowles, R. | ||
| 245 | _aDoes the new Arbitration Bill go far enough? | ||
| 260 | _c1996 | ||
| 350 | _a0 | ||
| 490 |
_aCSM (Chartered Surveyor Monthly) _v5(4) January 1996, 36(1) |
||
| 520 | _aReviews the revised version of the proposed Arbitration Bill. | ||
| 650 | _aARBITRATION BILL 1996 | ||
| 690 | _aMANAGEMENT-DISPUTE AVOIDANCE, MANAGEMENT AND RESOLUTION-DISPUTE MANAGEMENT AND RESOLUTION-ARBITRATION | ||
| 942 | _n0 | ||
| 948 | _c04/03/1997 | ||
| 999 |
_c5737 _d5737 |
||